000
00282nam a22001217a 4500
008
170403b xxu||||| |||| 00| 0 eng d
041
_a
eng
080
_a
574
100
_a
9
101
_a
SHM
245
_a
NEW WORK HABITS FOR RADICALLY CHANGING WORLD
_c
PRITCHET.P+
942
_2
udc
_c
BK
999
_c
9503
_d
9503